ՀՀ Գիտությունների ազգային ակադեմիայի հիմնարար գիտական գրադարան  =   Fundamental Scientific Library of NAS RA

Бабий Яр : (Record no. 119645)

MARC details
000 -LEADER
fixed length control field 00782nam a2200205 u 4500
001 - CONTROL NUMBER
control field 000321798
003 - CONTROL NUMBER IDENTIFIER
control field AM-YeHGA
005 - DATE AND TIME OF LATEST TRANSACTION
control field 20250617130542.0
008 - FIXED-LENGTH DATA ELEMENTS--GENERAL INFORMATION
fixed length control field 040326s1991 ||| r 000 0 rus d
020 ## - INTERNATIONAL STANDARD BOOK NUMBER
International Standard Book Number 5333010919
040 ## - CATALOGING SOURCE
Original cataloging agency AM-YeHGA
041 0# - LANGUAGE CODE
Language code of text/sound track or separate title rus
090 ## - LOCALLY ASSIGNED LC-TYPE CALL NUMBER (OCLC); LOCAL CALL NUMBER (RLIN)
-- 120996
100 1# - MAIN ENTRY--PERSONAL NAME
Personal name Кузнецов, Анатолий Васильевич.
245 10 - TITLE STATEMENT
Title Бабий Яр :
Remainder of title Роман-документ /
Statement of responsibility, etc. Анатолий Кузнецов (А. Анатолий).
260 ## - PUBLICATION, DISTRIBUTION, ETC.
Place of publication, distribution, etc. Киев :
Name of publisher, distributor, etc. Рад. пысьмэннык,
Date of publication, distribution, etc. 1991.
300 ## - PHYSICAL DESCRIPTION
Extent 352 с.
653 0# - INDEX TERM--UNCONTROLLED
Uncontrolled term Немецко-фашистская оккупация в период Великой Отечественной войны 1941-1945 гг. - Киев (х. л.)
653 0# - INDEX TERM--UNCONTROLLED
Uncontrolled term Бабий Яр (х. л.)
Holdings
Withdrawn status Lost status Damaged status Not for loan Collection Home library Current library Date acquired Total checkouts Full call number Barcode Date last seen Price effective from Koha item type Public note
        General Fundamental Scientific Library Fundamental Scientific Library 22/12/2016   882 120633341 22/12/2016 22/12/2016 Գրքեր / Books 30 Days Loan


ՀՀ ԳԱԱ հիմնարար գիտական գրադարան
ՀՀ,Երևան 0019
Մարշալ Բաղրամյան 24/6
հեռախոս:(374-10) 52-47-50
Հետադարձ կապ

All site content, except where otherwise noted, is licensed under a
Creative Commons License